Générique Baby Looney Tunes - Paroles - Statistiques

Statistiques générales
  • Ce quiz a été pris 193 fois
  • Le résultat moyen est 12 sur 17
Statistiques - réponses
Paroles % Correct
Avec les {Baby} Looney Tunes
98%
Voici un grain de {folie}
96%
Bonjour les {amis}
93%
En route c'est {parti}
91%
Avec les {Baby} Looney Tunes
83%
Voici un grain de {folie}
82%
Bonjour les {amis}
80%
C'est {parti}
78%
On n'attend plus que {toi}
77%
Il y a Bugs Bunny et {Daffy}
76%
Taz et puis {Lola}
71%
Chez Mémé on va s'{éclater}
70%
Jouer au {ballon}
64%
Titi tout mignon {gentil}
64%
C'est la {joie}
58%
On saute on {glisse}
14%
Se donner le {frisson}
14%
Aucun quiz correspondant
Distribution des résultats
% des personnes avec chaque résultat
Percentile par nombre de réponses
Votre historique - résultats
Vous n’avez pas pris ce quiz